|
|
|
|
| LEADER |
01855nam a22003852i 4500 |
| 001 |
000437833 |
| 003 |
CZ BrMZK |
| 005 |
20240605080910.0 |
| 007 |
ta |
| 008 |
030724s1934 au f |||| 0 lat d |
| 040 |
|
|
|a BOD001
|b cze
|d BOA001
|e rda
|
| 072 |
|
7 |
|a 821.124
|x Latinská literatura, latinsky psaná
|2 Konspekt
|9 25
|
| 080 |
|
|
|a (093)
|2 MRF
|
| 080 |
|
|
|a (0.027)
|2 MRF
|
| 100 |
1 |
|
|a Boëthius, Anitius Manlius Torquatus Severinus,
|d asi 480-524
|7 jn19981000321
|4 aut
|
| 245 |
1 |
0 |
|a Anicii Manlii Severini Boethii Philosophiae consolationis libri qvinqve :
|b Rvdolfi Peiperi atqve Georgii Schepssii copiis et Avgvsti Engelbrechtii studiis vsvs /
|c ad fidem codicvm recensvit Gvilelmvs Weinberger
|
| 246 |
3 |
|
|a Anicii Manlii Severini Boethii Philosophiae consolationis libri quinque
|
| 246 |
3 |
0 |
|a Philosophiae consolationis libri quinque
|
| 264 |
|
1 |
|a Vindobonae :
|b Hoelder-Pichler-Tempsky A. G.,
|c 1934
|
| 300 |
|
|
|a xxxi, 229 stran
|
| 336 |
|
|
|a text
|b txt
|2 rdacontent
|
| 337 |
|
|
|a bez média
|b n
|2 rdamedia
|
| 338 |
|
|
|a svazek
|b nc
|2 rdacarrier
|
| 490 |
1 |
|
|a Corpus scriptorum ecclesiasticorum latinorum ;
|v vol. LXVII.
|a Ancii Manlii Severini Boethii ;
|v sciptorum partem IV.
|
| 655 |
|
7 |
|a kritická vydání
|7 fd249727
|2 czenas
|
| 655 |
|
7 |
|a prameny
|7 fd131865
|2 czenas
|
| 700 |
1 |
|
|a Weinberger, Wilhelm,
|d 1866-1932
|7 mzk2010474051
|4 edt
|
| 700 |
1 |
|
|a Schepss, Georg,
|d 1852-1897
|4 oth
|
| 700 |
1 |
|
|a Peiper, Rudolf,
|d 1834-1898
|7 mub20221141360
|4 oth
|
| 700 |
1 |
|
|a Engelbrecht, August-Gottfried,
|d 1861-1925
|7 jx20111011003
|4 oth
|
| 830 |
|
0 |
|a Corpus scriptorum ecclesiasticorum latinorum
|
| 830 |
|
0 |
|a Corpus scriptorum ecclesiasticorum latinorum.
|p Ancii Manlii Severini Boethii ;
|v sciptorum partem IV.
|
| 910 |
|
|
|a BOA001
|b 2-0051.290,67
|
| 990 |
|
|
|a BK
|
| 996 |
7 |
|
|b 2619791832
|c 2-0051.290,67
|l MZK
|r Sklad / do 24 hodin
|n 7
|w 000437833
|u 000010
|a 1
|e BOA001
|j MZK50
|s A
|